Poczet królów i książąt polskich Jana Matejki - Statystyki

Ogólne statystyki
  • Ten quiz został rozwiązany 819 razy
  • Średni wynik to 25 z 44
Statystyki odpowiedzi
Obrazkowy Hint Odpowiedź % Poprawnych
Król (pierwszy) Bolesław I Chrobry
87%
Król (drewno -> kamień) Kazimierz III Wielki
85%
Król (Husaria) Jan III Sobieski
81%
Król (Grunwald) Władysław Jagiełło
81%
Król (Krewo) Jadwiga Andegaweńska
80%
Król (niski) Władysław I Łokietek
79%
Król (Warszawa) Zygmunt III Waza
79%
Książe (pierwszy odnotowany) Mieszko I
78%
Książe (rozbicie) Bolesław III Krzywousty
77%
Książe (krzyżacy Konrad Mazowiecki
77%
Król (ostatni) Stanisław August Poniatowski
77%
Król (Francja) Henryk Walezy
73%
Król (dużo dzieci) August II Mocny
71%
Król (nie znał polskiego) Stefan Batory
69%
Król (Zginął przez kość od kurczaka) Michał Korybut Wiśniowiecki
66%
Król (ostatni z rodu) Zygmunt II August
65%
Król (gruby) August III Sas
63%
Król (Maryja królową polski) Jan II Kazimierz
62%
Król (św. Stanisław) Bolesław II Szczodry
59%
Król (wyginęła szlachta) Jan I Olbracht
59%
Król (Czechy) Wacław II
59%
Król (Koszyce) Ludwik Węgierski
55%
Król Władysław III Warneńczyk
52%
Król (inflanty) Zygmunt I Stary
52%
Żona Dobrawa Przemyślidka
49%
Książe (kilkukrotnie u władzy) Mieszko III Stary
49%
Król (najdłużej żyjący król Polski) Stanisław Leszczyński
49%
Książe Władysław I Herman
49%
Król Kazimierz IV Jagiellończyk
46%
Książe ( pięciokrotnie u władzy) Leszek I Biały
45%
Książe (rycerstwo) Kazimierz I Odnowiciel
44%
Król Mieszko II Lambert
44%
Król Anna Jagiellonka
43%
Książe Władysław II Wygnaniec
41%
Król Władysław IV Waza
40%
Król Przemysł II
36%
Książe Władysław III Laskonogi
35%
Książe (pogrobowiec) Kazimierz II Sprawiedliwy
34%
Książe Bolesław IV Kędzierzawy
31%
Książe (Poważna szansa na zjednoczenie) Henryk I Brodaty
31%
Książe Leszek II Czarny
30%
Żona (Niemcy) Rycheza Lotaryńska
29%
Król Aleksander I Jagiellończyk
28%
Książe Bolesław V Wstydliwy
19%
Nie znaleziono quizów pasujących do podanych kryteriów
Rozkład punktacji
Procent ludzi z każdym wynikiem
Percentyl według liczby udzielonych odpowiedzi
Twoja historia wyników
Nie rozwiązałeś tego quizu